000 00593nam a22001817a 4500
005 20251108174957.0
008 250721s2008 xx 000 0 ara d
082 1 4 _aم/413.113/مقر
100 1 _aالمقري، ابي العباس احمد
245 1 0 _aالمصباح المنير في غريب الشرح الكبير /
250 _aطبعة منقحة ومشكولة
264 1 _aالقاهرة :
_bشركة القدس للتصدير،
_c2008.
300 _a695ص.
650 1 7 _aالقواميس
650 1 7 _aاللغة العربية
942 _2ddc
_cREF
999 _c122993
_d122993